| 000 | 00897nam a2200241Ia 4500 | ||
|---|---|---|---|
| 003 | OSt | ||
| 005 | 20220923221543.0 | ||
| 006 | a|||||r|||| 00| 0 | ||
| 007 | ta | ||
| 008 | 220922b |||||||| |||| 00| 0 hin d | ||
| 024 | _a198,127 | ||
| 037 | _cTextual | ||
| 040 |
_aARTS _cARTS _bhin |
||
| 041 |
_2hin _ahin |
||
| 082 | _aP1520m1591.271, M6 | ||
| 100 |
_aनायक, लक्ष्मण प्रसाद _9160180 |
||
| 245 | 0 | _aछत्तीसगढ़ी और पश्चिम उडीसा की उडिया का रुप ग्रामिक अध्ययन | |
| 246 | _aChhattīsagaढ़ī aur pashchim uḍīsā kī uḍiyā kā rup grāmik adhyayana | ||
| 260 | _c1986 | ||
| 300 |
_a204 पृ. _ccm. |
||
| 942 |
_hP1520m1591.271, M6 _cTEXL _2CC |
||
| 999 |
_c349989 _d349989 |
||